Littérature américaine - mort subite - Statistiques

Statistiques générales
  • Ce quiz a été pris 1 090 fois
  • Le résultat moyen est 5 sur 16
Answers on the Grid
Answers color-coded by a green-red scale on the quiz's grid according to % correct below.
Ne tirez pas sur l'oiseau moqueur
Le Maître du Haut-Château
Dracula
1984
Le Vieil Homme et la Mer
Les quatre filles du docteur March
Jane Eyre
Mrs Dalloway
La Barrique d'Amontillado
La Route
L'Idiot
Homme invisible, pour qui chantes-tu?
Autant en emporte le vent
Gatsby le Magnifique
Crime et Châtiment
La Guerre des mondes
Des souris et des hommes
Ulysses
Orgeuil et Préjugés
Moby-Dick
L'Adieu aux armes
Les Hauts de Hurlevent
Fahrenheit 451
Le Bruit et la Fureur
Le Seigneur des Anneaux
Frankenstein
Les Raisins de la colère
Faust
Le Portrait de Dorian Gray
Les Aventures d'Huckleberry Finn
 
Statistiques - réponses
Réponse % Correct
Ne tirez pas sur l'oiseau moqueur
71%
Le Vieil Homme et la Mer
46%
Gatsby le Magnifique
44%
Autant en emporte le vent
39%
Les quatre filles du docteur March
37%
Des souris et des hommes
35%
Les Raisins de la colère
33%
Moby-Dick
28%
Fahrenheit 451
27%
La Route
27%
Les Aventures d'Huckleberry Finn
25%
Le Maître du Haut-Château
20%
L'Adieu aux armes
15%
Le Bruit et la Fureur
13%
Homme invisible, pour qui chantes-tu?
8%
La Barrique d'Amontillado
8%
Aucun quiz correspondant
Distribution des résultats
% des personnes avec chaque résultat
Percentile par nombre de réponses
Votre historique - résultats
Vous n’avez pas pris ce quiz